| 000 | 01043cam a22003015a 4500 | ||
|---|---|---|---|
| 001 | 18778457 | ||
| 005 | 20201128023712.0 | ||
| 008 | 150910t2015 njua frbd 001 0 eng d | ||
| 020 | _a9781118999479 | ||
| 040 |
_aDLC _beng _cDLC _dEG-ScBUE |
||
| 082 | 0 | 4 |
_222 _a657.3 _bINT |
| 245 | 0 | 0 |
_aInternational financial statement analysis / _cThomas R. Robinson ... [et al.] ; foreword by Anthony T. Cope. |
| 250 | _a3rd ed. | ||
| 260 |
_aHoboken : _bJohn Wiley & Sons, _cc.2015. |
||
| 300 |
_axxiv, 1033 p. : _bill. ; _c26 cm. |
||
| 490 | 0 | _aCFA institute investment series. | |
| 500 | _aGlossary : p. 987-997. | ||
| 500 | _aIndex : p. 1005-1033. | ||
| 504 | _aIncludes bibliographical references. | ||
| 650 | 7 |
_aFinancial statements. _2BUEsh _94982 |
|
| 650 | 7 |
_aInternational business enterprises _xAccounting. _2BUEsh _93016 |
|
| 651 | _2BUEsh | ||
| 653 |
_bBUSADM _cMarch2016 _cOctober2016 |
||
| 655 |
_vReading book _934232 |
||
| 700 | 1 | _aRobinson, Thomas R. | |
| 700 | 1 |
_aCope, Anthony T., _eauthor of introduction, etc. |
|
| 942 | _2ddc | ||
| 999 |
_c21544 _d21516 |
||